Majoritným vlastníkom krompašských Kovohút je v súčasnosti rakúska spoločnosť

Bibliographic Details
Main Author: Karasová, Erika, 1973- (Author)
Corporate Authors: Kovohuty, Krompachy (Author), Montanwerke Brixlegg (Rakúsko) (Author)
Format: Article
Language:Slovak
PhysicalDescription:2 foto
ISSN:1335-759X
Subjects:

MARC

LEADER 00000nab a2200000 a 4500
001 vtls001020261
003 SK-MaSNL
005 20260303035225.0
008 040720e20020720xo 0 slo
035 |a SN6170 
040 |a SNSK  |b slo  |c SNSK  |e AACR2 
041 0 |a slo 
044 |a xo  |c SK 
080 |a 669.187(437.678+436)  |2 1981 
100 1 |a Karasová, Erika,  |d 1973-   |4 aut  |9 89869 
245 1 0 |a Majoritným vlastníkom krompašských Kovohút je v súčasnosti rakúska spoločnosť 
300 |b 2 foto 
610 2 7 |a Kovohuty Krompachy  |2 SNSK  |9 125498 
610 2 7 |a Montanwerke Brixlegg (Rakúsko)  |2 SNSK  |9 1021721 
610 2 7 |a 669.187  |2 SNSK  |9 1021402 
650 0 7 |a zmeny majiteľov  |2 SNSK  |9 1021722 
651 7 |a Krompachy (Slovensko)  |2 SNSK  |9 43389 
651 7 |a SN,  |2 SNSK  |9 1021277 
655 7 |a periodikum  |2 snkbucl  |9 29553 
710 2 |a Kovohuty, Krompachy  |4 aut  |9 1021403 
710 2 |a Montanwerke Brixlegg (Rakúsko)  |4 aut  |9 1021721 
773 0 8 |t Spišský denník  |g Roč. 4, č.167, 20.7.2002, s. 1  |x 1335-759X 
852 |a ZVYKNI  |b KIS3GCP 
999 |c 1676530  |d 1678460